El balcón del presente: conferencias y entrevistas

Uloženo v:
Podrobná bibliografie
Hlavní autor: Badiou, Alain (Autor)
Médium: Kniha
Jazyk:španělština
Vydáno: Ciudad de México Siglo XXI 2008
Vydání:1a. ed
Edice:Teoría
Témata:
Tagy: Přidat tag
Žádné tagy, Buďte první, kdo vytvoří štítek k tomuto záznamu!

MARC

LEADER 00000cam a2200000 a 4500
001 UCH9393
003 CL-VaPUC
008 100107e20080000MX |||||||||||||||||spa|d
020 |a 9786073000468 
082 0 4 |a 190  |b BAD  |2 21 
100 0 |a Badiou, Alain  |e author  |9 546449 
245 1 3 |a El balcón del presente: conferencias y entrevistas 
250 |a 1a. ed 
300 |a 117 p 
942 |c BK 
945 |d 20100107 00:00:00  |a rbrito 
260 |a Ciudad de México  |b Siglo XXI  |c 2008 
650 0 |a Filosofía contemporánea  |9 265372 
583 |a last modification  |c 20131011 05:42:24  |k Rodrigo Vera 
490 0 |a Teoría 
999 |c 339378  |d 339376 
952 |0 0  |1 0  |4 0  |6 190_000000000000000_BAD_2008  |7 0  |8 A  |9 433009  |a BIBEDU  |b BIBEDU  |d 2019-11-22  |i 4770978  |o 190 BAD 2008  |p 4770978  |r 2019-11-22  |w 2019-11-22  |y BK  |k FIL 
952 |0 0  |1 0  |3 erb  |4 0  |6 190_000000000000000_BAD_2008  |7 0  |8 A  |9 433010  |a BIBEDU  |b BIBEDU  |d 2019-11-22  |i 501901K  |o 190 BAD 2008  |p 501901K  |r 2019-11-22  |w 2019-11-22  |y BK  |z Catalogado en:20131018  |k PSI